000
00273nam a22001097a 4500
008
140110t xxu||||| |||| 00| 0 eng d
020
_a
978-81-239-1509-8
100
_a
Leo Postman
_9
633
245
_a
Experimental Psychology
_b
an introduction
300
_a
300
942
_2
ddc
_c
BK
999
_c
16895
_d
16895